| 000 | 00421nam a2200145Ia 4500 | ||
|---|---|---|---|
| 008 | 230917s9999||||xx |||||||||||||| ||und|| | ||
| 040 |
_e165542 _aMAIN |
||
| 041 | _aEnglish | ||
| 082 | _a891.43301731 SI13S | ||
| 100 | _aसिद्धेस | ||
| 245 | 0 | _aशीस दीवार | |
| 260 |
_aनई दिल्ली _bनचिकेता प्रकाशन _c1981 |
||
| 300 | _a140 पृ. p. | ||
| 942 | _cHN | ||
| 999 |
_c226142 _d226142 |
||